Statistics for Lyrics: System of a down- Kill Rock 'n Roll

Click here to take the quiz!

General Stats

  • This quiz has been taken 66 times
  • The average score is 8 of 10

Answer Stats

TextText% Correct
So I felt like the biggest...asshole
100%
Felt like the biggest....asshole
100%
When I killed your....rock and roll
91%
Eat all the...grass
87%
Every time....I look in your eyes
83%
.... happen in the dark (x3)Accidents
80%
Every day....I'm watching you die
74%
...down the sexy peopleMow
59%
Eat all the....you wantgrass that
54%
All the thoughts I see in you
About...
how I
50%

Score Distribution

Percentile by Number Answered

Percent of People with Each Score

Your Score History

You have not taken this quiz